NPB 日本プロ野球 12球団最後の本塁打王 - Statistics

General Stats
  • This quiz has been taken 1,390 times
    359 since last reset
  • The average score is 9 of 12
Answer Stats
球団名 選手名(獲得年) 記録 % Correct
阪神タイガース 佐藤輝明(2025) 40
94%
東京ヤクルトスワローズ 村上宗隆(2024) 33
93%
読売ジャイアンツ 岡本和真(2023) 41
90%
埼玉西武ライオンズ 山川穂高(2022) 41
87%
福岡ソフトバンクホークス 山川穂高(2024) 34
87%
北海道日本ハムファイターズ レイエス(2025) 32
75%
オリックス・バファローズ 杉本裕太郎(2021) 32
71%
横浜DeNAベイスターズ ソト(2019) 43
70%
千葉ロッテマリーンズ ポランコ(2023) 26
69%
東北楽天ゴールデンイーグルス 浅村栄斗(2023) 26
68%
広島東洋カープ エルドレッド(2014) 37
56%
中日ドラゴンズ ゲレーロ(2018) 35
43%
No matching quizzes found
Score Distribution
Percent of People with Each Score
Percentile by Number Answered
Your Score History
You have not taken this quiz since the last reset